Statistics for NBA All-Star Game Starters 2010's

Click here to take the quiz!

General Stats

  • This quiz has been taken 4,921 times
    (4,806 since last reset)
  • The average score is 32 of 35

Answer Stats

PlayerTeam#% Correct
James HardenRockets3
99%
Kevin DurantWarriors / Thunder7
99%
LeBron JamesCavaliers/ Heat / Lakers10
99%
Stephen CurryWarriors6
99%
Giannis AntetokounmpoBucks3
98%
Kawhi LeonardSpurs / Raptors3
98%
Kobe BryantLakers7
98%
Russell WestbrookThunder1
98%
Anthony DavisPelicans3
97%
Dwyane WadeHeat6
97%
Joel Embiid76ers2
97%
Kyrie IrvingCavaliers / Celtics4
97%
Chris PaulClippers / Hornets3
96%
Carmelo AnthonyKnicks / Nuggets7
95%
Paul GeorgePacers / Thunder3
95%
Blake GriffinClippers4
94%
Derrick RoseBulls2
94%
Tim DuncanSpurs1
94%
DeMar DeRozanRaptors2
93%
Dwight HowardLakers / Magic4
93%
Kevin GarnettCeltics2
93%
Kyle LowryRaptors2
93%
Marc GasolGrizzlies1
93%
Pau GasolBulls1
93%
Kemba WalkerHornets1
92%
Steve NashSuns1
92%
John WallWizards1
90%
Jimmy ButlerBulls1
85%
Allen Iverson76ers1
82%
DeMarcus CousinsPelicans1
81%
Rajon RondoCeltics1
81%
Amar'e StoudemireKnicks / Suns2
78%
Yao MingRockets1
75%
Kevin LoveTimberwolves1
73%
Andrew BynumLakers1
53%

Score Distribution

Percentile by Number Answered

Percent of People with Each Score

Your Score History

You have not taken this quiz since the last reset